[Event "Kvinder mod Veteraner 1996"]
[Site "Lyngby"]
[Date "1996.07.08"]
[Round "1"]
[White "Andersen, Ejnar"]
[Black "Hansen, Evgenia Peicheva"]
[Result "1/2-1/2"]
[WhiteElo "2070"]
[BlackElo "2161"]
[PlyCount "108"]
[EventDate "1996.??.??"]
[WhiteTeam "Veteraner"]
[BlackTeam "Kvinder"]

1. g3 e5 2. Bg2 Nc6 3. c4 g6 4. d3 Bg7 5. Nf3 f5 6. Nc3 d6 7. Bg5 Nf6 8. Nd5
O-O 9. O-O Be6 10. Ne1 Bxd5 11. cxd5 Ne7 12. e4 h6 13. Bd2 Rc8 14. Qb3 b6 15.
a4 a5 16. Qa2 Kh7 17. b4 axb4 18. Bxb4 fxe4 19. dxe4 c5 20. dxc6 Nxc6 21. Nc2
Qc7 22. Qa3 Rfd8 23. Rad1 Bf8 24. Qb3 Ra8 25. f4 exf4 26. Rxf4 Bg7 27. Rdf1
Nxb4 28. Nxb4 Nd7 29. Nd5 Qc5+ 30. Kh1 Rf8 31. Bh3 Ne5 32. Qxb6 Rfb8 33. Qc7
Qxc7 34. Nxc7 Rxa4 35. Ne6 Rb2 36. Rh4 Kg8 37. Ng5 Re2 38. Be6+ Kh8 39. Rb1 Ra8
40. Bd5 Rc8 41. Be6 Rf8 42. Kg1 Ref2 43. Rb7 Nf3+ 44. Nxf3 R2xf3 45. Rg4 Bd4+
46. Kg2 R3f6 47. Bc4 Be3 48. e5 dxe5 49. Bd3 g5 50. Rc4 R6f7 51. Rxf7 Rxf7 52.
Rc8+ Kg7 53. Rc2 h5 54. h3 Rd7 1/2-1/2

[Event "Kvinder mod Veteraner 1996"]
[Site "Lyngby"]
[Date "1996.07.08"]
[Round "1"]
[White "Guindy, Esmat"]
[Black "Nilsson, Nils Specht"]
[Result "1/2-1/2"]
[WhiteElo "2116"]
[BlackElo "2155"]
[PlyCount "78"]
[EventDate "1996.??.??"]
[WhiteTeam "Kvinder"]
[BlackTeam "Veteraner"]

1. d4 e6 2. c4 b6 3. Nc3 Bb4 4. e3 Bb7 5. Nge2 a5 6. a3 Bd6 7. e4 e5 8. d5 Na6
9. Ng3 g6 10. Be2 h5 11. h3 Bc5 12. Nf1 Bc8 13. Be3 d6 14. Bxc5 Nxc5 15. b4 Nb7
16. Nd2 Bd7 17. O-O g5 18. Bxh5 Nf6 19. Bg4 Nxg4 20. hxg4 Qf6 21. f3 Qf4 22.
Qe1 axb4 23. g3 Qf6 24. axb4 Rxa1 25. Qxa1 Qh6 26. Kf2 Qh2+ 27. Ke3 Qxg3 28.
Rh1 Rxh1 29. Qxh1 Qf4+ 30. Kd3 Nd8 31. Qh6 Ke7 32. Ne2 Qf6 33. Qxf6+ Kxf6 34.
b5 Ke7 35. Nb3 f6 36. Ke3 Nf7 37. Kf2 Nh8 38. Nbc1 Ng6 39. Nd3 Nh8 1/2-1/2

[Event "Kvinder mod Veteraner 1996"]
[Site "Lyngby"]
[Date "1996.07.08"]
[Round "1"]
[White "Larsen, Ole Scholler"]
[Black "Mortensen, Beatrix"]
[Result "0-1"]
[WhiteElo "2094"]
[BlackElo "1957"]
[PlyCount "70"]
[EventDate "1996.??.??"]
[WhiteTeam "Veteraner"]
[BlackTeam "Kvinder"]

1. e4 c5 2. Nc3 Nc6 3. g3 g6 4. Bg2 Bg7 5. d3 d6 6. Nh3 e6 7. O-O Nge7 8. Be3
O-O 9. Qd2 Nd4 10. Bh6 Nec6 11. Bxg7 Kxg7 12. f4 Rb8 13. Rf2 b5 14. Re1 b4 15.
Nd1 Qb6 16. c3 bxc3 17. bxc3 Nb5 18. f5 f6 19. fxg6 hxg6 20. Ne3 Ne5 21. Rb1
Qc7 22. a4 Na3 23. Ra1 Rb1+ 24. Rf1 Rb3 25. Ra2 Qb6 26. Rc1 Nb1 27. Qc2 Nxc3
28. Raa1 Ba6 29. Nf2 c4 30. Nxc4 Bxc4 31. dxc4 Rb2 32. c5 Rxc2 33. cxb6 Rxc1+
34. Rxc1 Ne2+ 35. Kf1 Nxc1 0-1

[Event "Kvinder mod Veteraner 1996"]
[Site "Lyngby"]
[Date "1996.07.08"]
[Round "1"]
[White "Moller, Henning"]
[Black "Fredericia, Louise Winther"]
[Result "0-1"]
[WhiteElo "2072"]
[BlackElo "1955"]
[PlyCount "66"]
[EventDate "1996.??.??"]
[WhiteTeam "Veteraner"]
[BlackTeam "Kvinder"]

1. d4 d5 2. Nf3 Nf6 3. c4 e6 4. Nc3 c5 5. cxd5 exd5 6. g3 Nc6 7. Bg2 Bg4 8. Be3
Be7 9. dxc5 O-O 10. Nd4 Ne5 11. h3 Be6 12. Nxe6 fxe6 13. Bd4 Nc6 14. Bxf6 Rxf6
15. O-O Bxc5 16. e3 Qf8 17. Qe2 Rd8 18. Rad1 a6 19. a3 Ne5 20. Rc1 b5 21. Nd1
Nc4 22. Rc3 e5 23. b4 Bb6 24. Rb3 Qe8 25. Kh2 e4 26. Nb2 Ne5 27. Rc1 Qe6 28.
Rbc3 Rdf8 29. Nd1 Rh6 30. Qf1 g5 31. R1c2 g4 32. Rc1 gxh3 33. Bxh3 Rxf2+ 0-1

[Event "Kvinder mod Veteraner 1996"]
[Site "Lyngby"]
[Date "1996.07.08"]
[Round "1"]
[White "Pedersen, Borge"]
[Black "Haahr, Merete"]
[Result "1-0"]
[WhiteElo "2110"]
[BlackElo "1822"]
[PlyCount "80"]
[EventDate "1996.??.??"]
[WhiteTeam "Veteraner"]
[BlackTeam "Kvinder"]

1. d4 Nf6 2. c4 c5 3. d5 d6 4. Nc3 g6 5. e4 Bg7 6. Be2 O-O 7. Bg5 b5 8. cxb5 a6
9. a4 Qa5 10. f3 axb5 11. Bxb5 Ba6 12. Ra3 h6 13. Be3 Nbd7 14. Nge2 Bxb5 15.
axb5 Qb6 16. O-O Ne5 17. Qb3 Ra5 18. Rfa1 Rfa8 19. Rxa5 Rxa5 20. Rxa5 Qxa5 21.
Qa3 Qb6 22. Qa8+ Kh7 23. Qa6 Nfd7 24. Na4 Qb8 25. b6 Qd8 26. Bd2 Nb8 27. Qb5
Qd7 28. Qxd7 Nexd7 29. Ba5 Na6 30. b3 e6 31. Nec3 Bf8 32. Nb5 exd5 33. exd5 Kg7
34. Na7 Kf6 35. Nc6 Kf5 36. b7 Bg7 37. Nb6 Ndb8 38. Nc4 Bd4+ 39. Kf1 Be5 40.
N6xe5 dxe5 1-0

[Event "Kvinder mod Veteraner 1996"]
[Site "Lyngby"]
[Date "1996.07.08"]
[Round "1"]
[White "Treppendahl, Trine"]
[Black "From, Sigfred"]
[Result "1/2-1/2"]
[WhiteElo "1953"]
[BlackElo "2087"]
[PlyCount "82"]
[EventDate "1996.??.??"]
[WhiteTeam "Kvinder"]
[BlackTeam "Veteraner"]

1. d4 Nf6 2. Nf3 e6 3. Bf4 b6 4. e3 Be7 5. Bd3 Bb7 6. O-O O-O 7. h3 Ne4 8. c3
f5 9. Nbd2 Bf6 10. Qc2 d5 11. Ne5 Nd7 12. Ndf3 c5 13. Qa4 Nxe5 14. Nxe5 c4 15.
Be2 Kh8 16. Bh5 g6 17. Bxg6 hxg6 18. Nxg6+ Kg7 19. Nxf8 Kxf8 20. f3 Ng5 21. Kf2
Nf7 22. Qc2 Qd7 23. g4 Ke7 24. Rh1 Rh8 25. Rag1 Kd8 26. gxf5 exf5 27. Rg6 Qe6
28. Kf1 Bc6 29. Qg2 Be8 30. Rg8 Rxg8 31. Qxg8 Ng5 32. Qxe6 Nxe6 33. Bh6 Bh5 34.
Ke2 Ke7 35. Rg1 Kf7 36. Rg2 b5 37. Bf4 a6 38. Rg1 Be7 39. a3 a5 40. Kf2 Bh4+
41. Ke2 Be7 1/2-1/2

[Event "Kvinder mod Veteraner 1996"]
[Site "Lyngby"]
[Date "1996.07.08"]
[Round "1"]
[White "Stewart, Tanya Jill Milk"]
[Black "Norregaard, Claus"]
[Result "0-1"]
[WhiteElo "1985"]
[BlackElo "1963"]
[PlyCount "96"]
[EventDate "1996.??.??"]
[WhiteTeam "Kvinder"]
[BlackTeam "Veteraner"]

1. e4 e6 2. d3 d5 3. Nd2 Nf6 4. Ngf3 Be7 5. g3 dxe4 6. dxe4 Nc6 7. Bg2 e5 8.
O-O O-O 9. Qe2 Bg4 10. c3 Qc8 11. Nc4 Qe6 12. Ne3 Bc5 13. Nxg4 Qxg4 14. Re1
Rad8 15. Bg5 Qe6 16. Nh4 Rd7 17. Rad1 Rfd8 18. Rxd7 Rxd7 19. Nf5 h6 20. Bxf6
Qxf6 21. Bh3 Rd8 22. a4 a5 23. Rd1 Kh7 24. Rxd8 Nxd8 25. Qb5 Ne6 26. Qe2 Ng5
27. Bg2 Qb6 28. h4 Ne6 29. h5 Qb3 30. Ne3 Qxa4 31. Ng4 f6 32. Qf3 Qe8 33. Qf5+
Kg8 34. Bh3 Ng5 35. Bg2 Qxh5 36. Bf1 Qf7 37. Ne3 Bxe3 38. Qc8+ Kh7 39. fxe3 Qe7
40. Qf5+ g6 41. Qf2 Nxe4 42. Qf3 f5 43. Bd3 Nc5 44. Bc4 Qd6 45. Kh2 Qd2+ 46.
Kh3 Ne4 47. Qe2 Qxe2 48. Bxe2 Kg7 0-1

[Event "Kvinder mod Veteraner 1996"]
[Site "Lyngby"]
[Date "1996.07.09"]
[Round "2"]
[White "Fredericia, Louise Winther"]
[Black "Andersen, Ejnar"]
[Result "1/2-1/2"]
[WhiteElo "1955"]
[BlackElo "2070"]
[PlyCount "88"]
[EventDate "1996.??.??"]
[WhiteTeam "Kvinder"]
[BlackTeam "Veteraner"]

1. Nf3 Nf6 2. g3 g6 3. Bg2 Bg7 4. d3 Nc6 5. O-O O-O 6. e4 d6 7. Nbd2 Bd7 8. a4
Qc8 9. Nc4 Bh3 10. Re1 Bxg2 11. Kxg2 e5 12. c3 Nh5 13. Nh4 Qe6 14. Ne3 Ne7 15.
Qg4 Qxg4 16. Nxg4 f5 17. Nh6+ Kh8 18. Bg5 Bf6 19. f4 exf4 20. Bxf6+ Rxf6 21.
exf5 Nxf5 22. N6xf5 gxf5 23. Re7 Rg8 24. Rae1 fxg3 25. hxg3 Nf4+ 26. Kf3 Nxd3
27. Rh1 Ne5+ 28. Kg2 Nf7 29. Rxc7 f4 30. Rxb7 Rxg3+ 31. Kf2 Ne5 32. Rb8+ Rg8
33. Rxg8+ Kxg8 34. b4 Kf7 35. Nf3 h6 36. Rd1 Ng4+ 37. Ke2 Re6+ 38. Kd2 Re3 39.
Rf1 Kf6 40. Nd4 Kg5 41. b5 Re7 42. Nf3+ Kf5 43. Nh4+ Kg5 44. Nf3+ Kf5 1/2-1/2

[Event "Kvinder mod Veteraner 1996"]
[Site "Lyngby"]
[Date "1996.07.09"]
[Round "2"]
[White "From, Sigfred"]
[Black "Haahr, Merete"]
[Result "1-0"]
[WhiteElo "2087"]
[BlackElo "1822"]
[PlyCount "69"]
[EventDate "1996.??.??"]
[WhiteTeam "Veteraner"]
[BlackTeam "Kvinder"]

1. d4 Nf6 2. Nc3 g6 3. e4 d6 4. Be3 Bg7 5. Be2 Nc6 6. f4 O-O 7. d5 Nb8 8. g4 e6
9. g5 Ne8 10. Bd4 e5 11. fxe5 dxe5 12. Be3 Nd6 13. Qd2 Bd7 14. a4 Qc8 15. b3 b6
16. h4 Bg4 17. Nf3 Nd7 18. Nh2 Bxe2 19. Qxe2 f5 20. O-O-O fxe4 21. h5 Qd8 22.
Ng4 Nf5 23. Nxe4 Nxe3 24. Nxe3 Rf4 25. Ng4 gxh5 26. Ngf6+ Nxf6 27. gxf6 Bxf6
28. Nxf6+ Rxf6 29. Rxh5 e4 30. Rdh1 Qe7 31. Rxh7 Qxh7 32. Rxh7 Kxh7 33. Qxe4+
Kg7 34. d6 Raf8 35. dxc7 1-0

[Event "Kvinder mod Veteraner 1996"]
[Site "Lyngby"]
[Date "1996.07.09"]
[Round "2"]
[White "Guindy, Esmat"]
[Black "Larsen, Ole Scholler"]
[Result "1-0"]
[WhiteElo "2116"]
[BlackElo "2094"]
[PlyCount "65"]
[EventDate "1996.??.??"]
[WhiteTeam "Kvinder"]
[BlackTeam "Veteraner"]

1. d4 c5 2. d5 d6 3. c4 g6 4. Nc3 Bg7 5. e4 Nh6 6. h3 O-O 7. Nf3 e5 8. g4 f5 9.
gxf5 gxf5 10. Bg5 Qb6 11. Rg1 Kh8 12. Qd2 f4 13. Be2 Nd7 14. Nh2 Nf7 15. Bh4
Bf6 16. Bxf6+ Nxf6 17. Bg4 Bxg4 18. hxg4 Ng5 19. f3 a6 20. Rh1 Qb4 21. Qe2 Nd7
22. Rc1 Nb6 23. b3 a5 24. Nf1 a4 25. Nd2 axb3 26. axb3 Ra3 27. Qh2 Rf6 28. Qh5
Ra1 29. Rxa1 Qxc3 30. Qxg5 Qxa1+ 31. Ke2 Qxh1 32. Qxf6+ Kg8 33. Qd8+ 1-0

[Event "Kvinder mod Veteraner 1996"]
[Site "Lyngby"]
[Date "1996.07.09"]
[Round "2"]
[White "Mortensen, Beatrix"]
[Black "Moller, Henning"]
[Result "1/2-1/2"]
[WhiteElo "1957"]
[BlackElo "2072"]
[PlyCount "69"]
[EventDate "1996.??.??"]
[WhiteTeam "Kvinder"]
[BlackTeam "Veteraner"]

1. e4 e6 2. d4 d5 3. e5 c5 4. c3 Nc6 5. Nf3 Qb6 6. a3 c4 7. g3 Bd7 8. Bg2 Na5
9. Nbd2 O-O-O 10. O-O Kb8 11. Re1 Ne7 12. Rb1 Rc8 13. Qc2 h5 14. h4 Nf5 15. Nf1
Be7 16. Ne3 Nxe3 17. Bxe3 Nb3 18. Bf4 Ka8 19. Qe2 g6 20. Qe3 Qd8 21. Ng5 Qe8
22. Bf3 Na5 23. Bd1 Bxg5 24. Bxg5 Ba4 25. Bxa4 Qxa4 26. Be7 Qe8 27. Bd6 b6 28.
f4 Nb7 29. b4 cxb3 30. Rxb3 Qd7 31. Reb1 Rc4 32. Bb4 Rhc8 33. Qe2 Qe8 34. a4
Qc6 35. a5 1/2-1/2

[Event "Kvinder mod Veteraner 1996"]
[Site "Lyngby"]
[Date "1996.07.09"]
[Round "2"]
[White "Nilsson, Nils Specht"]
[Black "Stewart, Tanya Jill Milk"]
[Result "1-0"]
[WhiteElo "2155"]
[BlackElo "1985"]
[PlyCount "81"]
[EventDate "1996.??.??"]
[WhiteTeam "Veteraner"]
[BlackTeam "Kvinder"]

1. d4 Nf6 2. Nc3 d5 3. Bf4 c6 4. e3 g6 5. Be2 Bg7 6. Nf3 O-O 7. Ne5 Nbd7 8. g4
Nxe5 9. Bxe5 Nd7 10. Bxg7 Kxg7 11. f4 Nf6 12. g5 Ne8 13. Qd2 Nd6 14. O-O-O Bf5
15. Bd3 Rh8 16. h4 Qd7 17. h5 f6 18. Rdg1 Ne4 19. Bxe4 dxe4 20. Rh2 Rad8 21.
hxg6 hxg6 22. Rgh1 Qc8 23. Qg2 Rxh2 24. Rxh2 Rh8 25. Rxh8 Qxh8 26. Nxe4 Qh4 27.
gxf6+ exf6 28. Nf2 Be6 29. Nd3 Bc4 30. Kd2 Bxd3 31. Kxd3 Qe1 32. a4 Qb4 33. b3
f5 34. Qd2 Qd6 35. c4 Qe7 36. Kc3 b6 37. d5 Qf6+ 38. Qd4 cxd5 39. cxd5 Kf7 40.
Qxf6+ Kxf6 41. Kd4 1-0

[Event "Kvinder mod Veteraner 1996"]
[Site "Lyngby"]
[Date "1996.07.09"]
[Round "2"]
[White "Norregaard, Claus"]
[Black "Treppendahl, Trine"]
[Result "1/2-1/2"]
[WhiteElo "1963"]
[BlackElo "1953"]
[PlyCount "49"]
[EventDate "1996.??.??"]
[WhiteTeam "Veteraner"]
[BlackTeam "Kvinder"]

1. d4 d5 2. c4 c6 3. Nf3 Nf6 4. cxd5 cxd5 5. Nc3 Nc6 6. Bf4 Bf5 7. e3 e6 8. Bb5
Nd7 9. Qa4 Qb6 10. O-O Be7 11. Rac1 Rc8 12. Nd2 O-O 13. e4 dxe4 14. d5 Nc5 15.
Qc4 Na5 16. Qd4 Bf6 17. Be5 Bxe5 18. Qxe5 a6 19. b4 axb5 20. bxc5 Qxc5 21.
Ndxe4 Bxe4 22. Qxe4 exd5 23. Qxd5 Qxd5 24. Nxd5 Rxc1 25. Rxc1 1/2-1/2

[Event "Kvinder mod Veteraner 1996"]
[Site "Lyngby"]
[Date "1996.07.09"]
[Round "2"]
[White "Hansen, Evgenia Peicheva"]
[Black "Pedersen, Borge"]
[Result "1-0"]
[WhiteElo "2161"]
[BlackElo "2110"]
[PlyCount "74"]
[EventDate "1996.??.??"]
[WhiteTeam "Kvinder"]
[BlackTeam "Veteraner"]

1. c4 f5 2. Nc3 Nf6 3. g3 d6 4. Bg2 c6 5. d3 g6 6. e3 Bg7 7. Nge2 O-O 8. Rb1 e5
9. b4 Qe8 10. O-O g5 11. b5 Qg6 12. f4 gxf4 13. exf4 e4 14. Ba3 Rd8 15. dxe4
Nxe4 16. Qd3 Nxc3 17. Nxc3 Qf6 18. Ne2 Be6 19. Rfd1 Qf7 20. Rbc1 d5 21. bxc6
bxc6 22. cxd5 Bxd5 23. Bxd5 cxd5 24. Nd4 a5 25. Nxf5 Ra7 26. Nd6 Qh5 27. Nf5
Qf7 28. Bb2 d4 29. Nxg7 Kxg7 30. Bxd4+ Kg8 31. Qe2 Rad7 32. Bb6 Re8 33. Rxd7
Nxd7 34. Qg4+ Kf8 35. Bxa5 Rb8 36. Bc7 Qd5 37. Bxb8 Qd4+ 1-0

[Event "Kvinder mod Veteraner 1996"]
[Site "Lyngby"]
[Date "1996.07.10"]
[Round "3"]
[White "Andersen, Ejnar"]
[Black "Mortensen, Beatrix"]
[Result "1-0"]
[WhiteElo "2070"]
[BlackElo "1957"]
[PlyCount "81"]
[EventDate "1996.??.??"]
[WhiteTeam "Veteraner"]
[BlackTeam "Kvinder"]

1. d3 Nf6 2. f4 g6 3. Nf3 Bg7 4. g3 O-O 5. Bg2 d6 6. O-O c5 7. h3 Nc6 8. c3 d5
9. Kh2 Re8 10. Ne5 e6 11. Nd2 Nxe5 12. fxe5 Nd7 13. d4 cxd4 14. cxd4 f6 15.
exf6 Nxf6 16. Nf3 Ne4 17. Bf4 b6 18. Ne5 Ba6 19. Rf3 Rf8 20. Nd3 Qe7 21. Rc1
Rac8 22. Rxc8 Rxc8 23. Ne5 Bb5 24. a4 Ba6 25. h4 g5 26. hxg5 Nxg5 27. Bxg5 Qxg5
28. Bh3 Re8 29. Nd3 Bc8 30. Nf4 h5 31. e3 Qh6 32. b4 Bd7 33. b5 Bc8 34. Qd3 h4
35. gxh4 Qxh4 36. Qg6 Rf8 37. Nh5 Qe7 38. Nxg7 Qxg7 39. Bxe6+ Bxe6 40. Qxe6+
Rf7 41. Rg3 1-0

[Event "Kvinder mod Veteraner 1996"]
[Site "Lyngby"]
[Date "1996.07.10"]
[Round "3"]
[White "Haahr, Merete"]
[Black "Norregaard, Claus"]
[Result "0-1"]
[WhiteElo "1822"]
[BlackElo "1963"]
[PlyCount "56"]
[EventDate "1996.??.??"]
[WhiteTeam "Kvinder"]
[BlackTeam "Veteraner"]

1. g3 f5 2. Nf3 Nf6 3. Bg2 g6 4. d3 Bg7 5. O-O O-O 6. c4 d6 7. Nc3 e5 8. Qb3 c5
9. Bg5 h6 10. Bxf6 Bxf6 11. Nd5 Nc6 12. e3 g5 13. Rad1 Rf7 14. Nxf6+ Qxf6 15.
Qc3 f4 16. d4 e4 17. Ne1 f3 18. Bh1 Bh3 19. Nc2 Bxf1 20. Kxf1 Rd8 21. a3 a5 22.
b4 axb4 23. axb4 Nxb4 24. Nxb4 cxb4 25. Qxb4 Ra8 26. Qb1 Qe6 27. Kg1 d5 28.
cxd5 Qxd5 0-1

[Event "Kvinder mod Veteraner 1996"]
[Site "Lyngby"]
[Date "1996.07.10"]
[Round "3"]
[White "Larsen, Ole Scholler"]
[Black "Stewart, Tanya Jill Milk"]
[Result "1-0"]
[WhiteElo "2094"]
[BlackElo "1985"]
[PlyCount "76"]
[EventDate "1996.??.??"]
[WhiteTeam "Veteraner"]
[BlackTeam "Kvinder"]

1. e4 c5 2. Nc3 d6 3. g3 Nc6 4. Bg2 g6 5. d3 Bg7 6. Nh3 e6 7. O-O Nge7 8. Be3
Rb8 9. Qd2 O-O 10. Bh6 Nd4 11. Bxg7 Kxg7 12. f4 Nec6 13. Rae1 b5 14. Nd1 b4 15.
c3 bxc3 16. bxc3 Nb5 17. Ne3 Ne7 18. Rb1 Bd7 19. Rb3 a5 20. Rfb1 a4 21. R3b2
Qc7 22. Rf1 Na7 23. Rxb8 Rxb8 24. f5 Ng8 25. Ng5 f6 26. Nxe6+ Bxe6 27. fxe6 a3
28. Nd5 Qd8 29. Qf4 Nc6 30. e7 Ncxe7 31. Nxf6 Kh8 32. e5 Nf5 33. Nxg8 Qxg8 34.
exd6 Rd8 35. Qe5+ Qg7 36. Qxc5 Rxd6 37. g4 Qe7 38. gxf5 gxf5 1-0

[Event "Kvinder mod Veteraner 1996"]
[Site "Lyngby"]
[Date "1996.07.10"]
[Round "3"]
[White "Moller, Henning"]
[Black "Guindy, Esmat"]
[Result "1/2-1/2"]
[WhiteElo "2072"]
[BlackElo "2116"]
[PlyCount "23"]
[EventDate "1996.??.??"]
[WhiteTeam "Veteraner"]
[BlackTeam "Kvinder"]

1. c4 e6 2. Nc3 d5 3. cxd5 exd5 4. d4 Be7 5. Nf3 Nf6 6. Bg5 c6 7. e3 Bf5 8. Bd3
Bxd3 9. Qxd3 Nbd7 10. O-O O-O 11. Rab1 Ne4 12. Bxe7 1/2-1/2

[Event "Kvinder mod Veteraner 1996"]
[Site "Lyngby"]
[Date "1996.07.10"]
[Round "3"]
[White "Pedersen, Borge"]
[Black "Fredericia, Louise Winther"]
[Result "0-1"]
[WhiteElo "2110"]
[BlackElo "1955"]
[PlyCount "96"]
[EventDate "1996.??.??"]
[WhiteTeam "Veteraner"]
[BlackTeam "Kvinder"]

1. e4 e6 2. d4 d5 3. Nc3 Nf6 4. e5 Nfd7 5. Nf3 c5 6. Ne2 cxd4 7. Nexd4 Nc6 8.
Bf4 Be7 9. c3 O-O 10. Bd3 Nc5 11. Bc2 f5 12. h4 Ne4 13. h5 Bd7 14. Qe2 Rc8 15.
g3 Nxd4 16. Nxd4 Qa5 17. O-O b5 18. a3 Qb6 19. Kg2 a5 20. f3 Ng5 21. Qe3 Bc5
22. Bxg5 Bxd4 23. Qd3 Bxe5 24. Rae1 Bf6 25. Be3 Qb7 26. Rd1 b4 27. Rfe1 Bb5 28.
Qd2 bxc3 29. Qf2 cxb2 30. Bb1 Bc3 31. Rh1 Ba4 32. Rd3 e5 33. Bc5 d4 34. Bxf8
Kxf8 35. Kh2 Bb5 36. Rdd1 Qf7 37. Kg2 Bc6 38. Rh4 Re8 39. Rf1 Kg8 40. Kh2 Qd7
41. g4 e4 42. fxe4 fxe4 43. g5 d3 44. Ba2+ Bd5 45. Bxd5+ Qxd5 46. Rxe4 Be5+ 47.
Kh3 b1=Q 48. Rxe5 Qxf1+ 0-1

[Event "Kvinder mod Veteraner 1996"]
[Site "Lyngby"]
[Date "1996.07.10"]
[Round "3"]
[White "Hansen, Evgenia Peicheva"]
[Black "From, Sigfred"]
[Result "1/2-1/2"]
[WhiteElo "2161"]
[BlackElo "2087"]
[PlyCount "77"]
[EventDate "1996.??.??"]
[WhiteTeam "Kvinder"]
[BlackTeam "Veteraner"]

1. c4 c5 2. Nf3 Nf6 3. g3 Nc6 4. Bg2 d6 5. O-O Bg4 6. d3 Qd7 7. Re1 e5 8. Nc3
h6 9. a3 a5 10. Nd2 Be7 11. Nde4 O-O 12. Nxf6+ Bxf6 13. Nd5 Bd8 14. Rb1 Bh3 15.
Bh1 Be6 16. e3 Ne7 17. Nc3 d5 18. Qa4 Qxa4 19. Nxa4 Rc8 20. Bd2 b6 21. b3 Bc7
22. Bc3 Rfd8 23. Rbd1 Rb8 24. Bf3 Bd7 25. cxd5 Bxa4 26. bxa4 Nxd5 27. Ba1 f5
28. e4 Ne7 29. Kg2 f4 30. gxf4 Ng6 31. f5 Nf4+ 32. Kf1 Nxd3 33. Re3 Nf4 34.
Ree1 Kf7 35. Be2 Kf6 36. Bc4 Rxd1 37. Rxd1 Rd8 38. Rxd8 Bxd8 39. Bc3 1/2-1/2

[Event "Kvinder mod Veteraner 1996"]
[Site "Lyngby"]
[Date "1996.07.10"]
[Round "3"]
[White "Treppendahl, Trine"]
[Black "Nilsson, Nils Specht"]
[Result "1/2-1/2"]
[WhiteElo "1953"]
[BlackElo "2155"]
[PlyCount "123"]
[EventDate "1996.??.??"]
[WhiteTeam "Kvinder"]
[BlackTeam "Veteraner"]

1. d4 b6 2. Nf3 Bb7 3. Bf4 e6 4. e3 Bd6 5. Bxd6 cxd6 6. Nbd2 d5 7. c3 f5 8. Ne5
Nf6 9. Be2 O-O 10. h3 Ne4 11. O-O d6 12. Nd3 g5 13. Nxe4 dxe4 14. Ne1 Nd7 15.
f4 gxf4 16. Rxf4 e5 17. dxe5 dxe5 18. Rf2 f4 19. Bg4 Nc5 20. Qxd8 Raxd8 21. b4
Nd3 22. Nxd3 Rxd3 23. exf4 e3 24. Re2 exf4 25. Rc1 b5 26. Kf1 Bd5 27. Rec2 Bc4
28. Be2 Kf7 29. Bxd3 Bxd3+ 30. Ke1 Bxc2 31. Rxc2 Rc8 32. Ke2 Kf6 33. g3 fxg3
34. Kxe3 Kg5 35. Kf3 Kh4 36. Kg2 Rf8 37. c4 Rc8 38. c5 Rc6 39. Rc3 Re6 40. Rxg3
Re2+ 41. Kf3 Rxa2 42. Rg7 h5 43. Rb7 a6 44. Rc7 Rc2 45. Re7 Rc1 46. Ra7 Rc4 47.
Rxa6 Rxb4 48. Rb6 Kxh3 49. c6 h4 50. c7 Rc4 51. Rxb5 Rxc7 52. Rf5 Kh2 53. Kf2
h3 54. Rf3 Rg7 55. Kf1 Rg2 56. Rd3 Ra2 57. Rc3 Ra4 58. Rf3 Rh4 59. Kf2 Rh8 60.
Kf1 Kh1 61. Kf2 h2 62. Kf1 1/2-1/2

[Event "Kvinder mod Veteraner 1996"]
[Site "Lyngby"]
[Date "1996.07.11"]
[Round "4"]
[White "From, Sigfred"]
[Black "Fredericia, Louise Winther"]
[Result "1-0"]
[WhiteElo "2087"]
[BlackElo "1955"]
[PlyCount "51"]
[EventDate "1996.??.??"]
[WhiteTeam "Veteraner"]
[BlackTeam "Kvinder"]

1. d4 d5 2. Nf3 Nf6 3. c4 e6 4. Nc3 c5 5. e3 Nc6 6. cxd5 exd5 7. Be2 Bd6 8. O-O
O-O 9. dxc5 Bxc5 10. Nd4 a6 11. a3 Ne7 12. b4 Bd6 13. Bb2 b5 14. Bf3 Bb7 15.
Rc1 Qd7 16. Qd3 Rfe8 17. Rfd1 Rad8 18. Nce2 Ng6 19. Nb3 Ne4 20. Ng3 Ne5 21.
Bxe5 Rxe5 22. Qd4 Qe7 23. Na5 Ba8 24. Bxe4 dxe4 25. Qxd6 Rxd6 26. Rc8+ 1-0

[Event "Kvinder mod Veteraner 1996"]
[Site "Lyngby"]
[Date "1996.07.11"]
[Round "4"]
[White "Guindy, Esmat"]
[Black "Andersen, Ejnar"]
[Result "1-0"]
[WhiteElo "2116"]
[BlackElo "2070"]
[PlyCount "73"]
[EventDate "1996.??.??"]
[WhiteTeam "Kvinder"]
[BlackTeam "Veteraner"]

1. d4 Nf6 2. c4 d6 3. Nc3 Nbd7 4. Nf3 g6 5. g3 Bg7 6. Bg2 O-O 7. O-O e5 8. e4
c6 9. h3 Re8 10. Re1 Qa5 11. Be3 exd4 12. Nxd4 Nc5 13. Qc2 Ne6 14. Rad1 Nxd4
15. Bxd4 Be6 16. b3 Rad8 17. Re3 Bc8 18. Qd2 Qc7 19. Rd3 Re6 20. Be3 Ne8 21. f4
Qa5 22. e5 f5 23. Qf2 Rd7 24. Bxa7 Qd8 25. Bb6 Qe7 26. Qd2 Bf8 27. b4 Kh8 28.
b5 g5 29. bxc6 bxc6 30. Bxc6 Bb7 31. Nd5 Qf7 32. Bxd7 Qxd7 33. Bd4 Kg8 34. exd6
Rxd6 35. Be5 Qc6 36. Bxd6 Qxd6 37. Kh2 1-0

[Event "Kvinder mod Veteraner 1996"]
[Site "Lyngby"]
[Date "1996.07.11"]
[Round "4"]
[White "Larsen, Ole Scholler"]
[Black "Treppendahl, Trine"]
[Result "1/2-1/2"]
[WhiteElo "2094"]
[BlackElo "1953"]
[PlyCount "51"]
[EventDate "1996.??.??"]
[WhiteTeam "Veteraner"]
[BlackTeam "Kvinder"]

1. e4 e5 2. Bc4 Nf6 3. Nc3 Bc5 4. d3 d6 5. Na4 Bb6 6. Nxb6 axb6 7. Bg5 Be6 8.
Bxe6 fxe6 9. Ne2 Nc6 10. Ng3 h6 11. Be3 Qd7 12. f3 Qf7 13. c3 Nh5 14. Nxh5 Qxh5
15. a3 Qg6 16. Qc2 Qf6 17. Rd1 Rf8 18. O-O g5 19. Qb3 Qg6 20. Rd2 Rf7 21. Qd1
Kd7 22. d4 Raf8 23. d5 exd5 24. exd5 Nd8 25. Rdf2 Ke7 26. Qa4 1/2-1/2

[Event "Kvinder mod Veteraner 1996"]
[Site "Lyngby"]
[Date "1996.07.11"]
[Round "4"]
[White "Mortensen, Beatrix"]
[Black "Pedersen, Borge"]
[Result "1/2-1/2"]
[WhiteElo "1957"]
[BlackElo "2110"]
[PlyCount "80"]
[EventDate "1996.??.??"]
[WhiteTeam "Kvinder"]
[BlackTeam "Veteraner"]

1. e4 d5 2. exd5 Qxd5 3. Nc3 Qa5 4. d4 Nf6 5. Nf3 Bf5 6. Bc4 e6 7. O-O c6 8.
Re1 Be7 9. h3 Qc7 10. a4 O-O 11. Bg5 Nbd7 12. Qd2 Nb6 13. Bd3 Bxd3 14. Qxd3
Rad8 15. Ne4 Nbd5 16. c4 Nxe4 17. Rxe4 Bxg5 18. Nxg5 Nf6 19. Rh4 h6 20. Ne4 Qe7
21. Rd1 b6 22. Qg3 e5 23. Nxf6+ Qxf6 24. d5 cxd5 25. cxd5 Rfe8 26. Rc4 Rd7 27.
Qg4 Red8 28. Rc8 Rxc8 29. Qxd7 Rc2 30. f3 e4 31. Qe8+ Kh7 32. Qxe4+ Qg6 33.
Qxg6+ Kxg6 34. d6 Rc8 35. d7 Rd8 36. Kf2 Kf6 37. Ke3 Ke6 38. g4 Rxd7 39. Rxd7
Kxd7 40. Ke4 Kd6 1/2-1/2

[Event "Kvinder mod Veteraner 1996"]
[Site "Lyngby"]
[Date "1996.07.11"]
[Round "4"]
[White "Nilsson, Nils Specht"]
[Black "Haahr, Merete"]
[Result "1-0"]
[WhiteElo "2155"]
[BlackElo "1822"]
[PlyCount "85"]
[EventDate "1996.??.??"]
[WhiteTeam "Veteraner"]
[BlackTeam "Kvinder"]

1. d4 Nf6 2. c4 c5 3. dxc5 Qa5+ 4. Nc3 Qxc5 5. e4 d6 6. Be3 Qc6 7. f3 g6 8. Rc1
Bg7 9. Nge2 a6 10. Nd4 Qd7 11. Nd5 Nxd5 12. cxd5 O-O 13. Be2 Qd8 14. O-O Nd7
15. b4 Nb6 16. a4 Bd7 17. a5 Na4 18. Qd2 e6 19. dxe6 fxe6 20. Bc4 Qe7 21. Qa2
Rfe8 22. Bb3 b5 23. axb6 Nxb6 24. Nxe6 Bxe6 25. Bxb6 Bxb3 26. Qxb3+ Qf7 27.
Qxf7+ Kxf7 28. Rfd1 Rac8 29. Rxc8 Rxc8 30. Rxd6 Bf8 31. Rd7+ Kg8 32. Ba5 Bg7
33. Rd8+ Rxd8 34. Bxd8 Kf7 35. Kf2 Bf8 36. Ba5 Ke6 37. Ke3 Bd6 38. f4 Be7 39.
g4 Bd6 40. h4 Be7 41. f5+ gxf5 42. gxf5+ Kf6 43. Kd4 1-0